Loading...
| History - American | 0 | 8 | 2 | 1 | 70 | 75 | 101.50 | 0 | 3 | 0.00 | 0.00 |
| History - European | 0 | 7 | 2 | 0 | 60 | 71 | 100.57 | 0 | 0 | 0.00 | 0.00 |
| History - World | 0 | 6 | 2 | 1 | 50 | 80 | 109.50 | 0 | 2 | 0.00 | 0.00 |
| Literature - World | 0 | 3 | 0 | 2 | 30 | 125 | 134.33 | 0 | 0 | 0.00 | 0.00 |
| History - Other | 0 | 4 | 3 | 2 | 25 | 112 | 128.00 | 0 | 0 | 0.00 | 0.00 |
| Current Events | 0 | 2 | 0 | 1 | 20 | 92 | 111.50 | 0 | 0 | 0.00 | 0.00 |
| Literature - British | 0 | 2 | 0 | 1 | 20 | 140 | 151.00 | 0 | 0 | 0.00 | 0.00 |
| Literature - European | 0 | 2 | 0 | 1 | 20 | 141 | 144.00 | 0 | 0 | 0.00 | 0.00 |
| Science - Other | 0 | 1 | 0 | 0 | 10 | 108 | 108.00 | 0 | 0 | 0.00 | 0.00 |
| Geography | 0 | 1 | 0 | 0 | 10 | 57 | 57.00 | 0 | 0 | 0.00 | 0.00 |
| Mythology | 0 | 1 | 0 | 0 | 10 | 114 | 114.00 | 0 | 0 | 0.00 | 0.00 |
| Philosophy | 0 | 1 | 0 | 1 | 10 | 132 | 132.00 | 0 | 0 | 0.00 | 0.00 |
| Social Science | 0 | 1 | 0 | 1 | 10 | 139 | 139.00 | 0 | 0 | 0.00 | 0.00 |
| Religion | 0 | 1 | 1 | 0 | 5 | 134 | 134.00 | 0 | 0 | 0.00 | 0.00 |
| Literature - American | 0 | 0 | 0 | 0 | 0 | 0.00 | 0 | 0 | 0.00 | 0.00 | |
| Science - Physics | 0 | 0 | 1 | 0 | -5 | 0.00 | 0 | 0 | 0.00 | 0.00 |